| 000 | 01267cab a2200229 4500 | ||
|---|---|---|---|
| 001 | ABS44148 | ||
| 008 | 090401t1991 xxu||||| |||| 00| 0 eng d | ||
| 035 | _a(Sirsi) u45547 | ||
| 041 | _aeng | ||
| 245 | _aStewart v SoS Environment and Vale Royal DC | ||
| 260 | _c1991 | ||
| 350 | _a0 | ||
| 490 |
_aJournal of Planning and Environment Law _v1991 JPL 121-131(11) |
||
| 520 | _aCA 4 July 1990. The appeal site lay within the North Cheshire Green Belt . Outline planning permission was refused on Green Belt grounds and the desirability of retaining an open field as a wedge between the village and a previous residential development. On appeal the inspector recommended that it should be allowed. This was upheld at HC on the grounds that the SoS`s decision letter was inadequate and unsatisfactory. As a result the Minister re-opened the matter. The decision was upheld by CA who also stated that an inspectors planning appeal should not be used to re-open the debate on the actual line of the Green Belt. | ||
| 650 | _aPEHRSSON | ||
| 650 | _aPLANNING POLICY GUIDANCE NOTE 2 | ||
| 650 | _aPLANNING POLICY GUIDANCE NOTE 3 | ||
| 650 | _aPLANNING POLICY GUIDANCE NOTE 7 | ||
| 690 | _aPLANNING LAW AND PRACTICE-CASE LAW | ||
| 942 | _n0 | ||
| 948 | _c04/03/1997 | ||
| 999 |
_c28863 _d28863 |
||